[Event "Vellmar Int 4th op  A"]
[Site "Vellmar"]
[Date "2012.07.26"]
[Round "1.25"]
[White "Orwatsch, Gerhard"]
[Black "Hefner, Felix"]
[Result "1-0"]
[WhiteElo "2072"]
[BlackElo "1847"]
[PlyCount "55"]
[EventDate "2012.07.26"]
[EventType "swiss"]
[EventRounds "7"]
[EventCountry "GER"]

{DWZ: 1977(geb.1946) - 1740} 1. d4 f5 2. Nf3 Nf6 3. Bf4 g6 4. c3 Bg7 5. Qc1 O-O
6. Bh6 d6 7. Bxg7 Kxg7 8. Nbd2 b6 9. e3 Bb7 10. Qc2 Nbd7 11. Ng5 Qc8 12. Ne6+
Kg8 13. Nxf8 Kxf8 14. h4 e5 15. Nf3 Qe8 16. Be2 f4 17. exf4 exf4 18. O-O Nh5
19. Ng5 Ndf6 20. Bf3 Bxf3 21. Nxf3 Ne4 22. Rfe1 d5 23. Ng5 Qe7 24. Nxe4 Qxh4
25. Nd2 f3 26. Nxf3 Qg4 27. Nh2 Qg5 28. Re5 1-0

[Event "Vellmar Int 4th op  A"]
[Site "Vellmar"]
[Date "2012.07.26"]
[Round "1.26"]
[White "Humburg, Philipp"]
[Black "Giese, Tilman"]
[Result "1-0"]
[WhiteElo "1839"]
[BlackElo "2067"]
[PlyCount "58"]
[EventDate "2012.07.26"]
[EventType "swiss"]
[EventRounds "7"]
[EventCountry "GER"]

{DWZ: 1841(geb.1996) - 1987} 1. e4 c5 2. Nf3 d6 3. d4 cxd4 4. Nxd4 Nf6 5. Nc3
a6 6. Be3 e6 7. f3 Be7 8. Qd2 Qc7 9. O-O-O b5 10. Kb1 Bb7 11. g4 Nfd7 12. Bd3
Nb6 13. g5 N8d7 14. Rhg1 Ne5 15. Qf2 Nec4 16. Bc1 O-O-O 17. f4 d5 18. e5 g6 19.
Nce2 h6 20. Bxg6 fxg6 21. Nxe6 Qd7 22. Nxd8 Bxd8 23. gxh6 Rxh6 24. f5 Rh8 25.
fxg6 Nxe5 26. g7 Rg8 27. Qf8 Qf7 28. Qxf7 Nxf7 29. Rdf1 Nd7 1-0

[Event "Vellmar Int 4th op  A"]
[Site "Vellmar"]
[Date "2012.07.26"]
[Round "1.28"]
[White "Powalla, Christian"]
[Black "Brueckmann, Gerd"]
[Result "1/2-1/2"]
[WhiteElo "1784"]
[BlackElo "2048"]
[PlyCount "88"]
[EventDate "2012.07.26"]
[EventType "swiss"]
[EventRounds "7"]
[EventCountry "GER"]

{DWZ: 1587 - 1858} 1. e4 e6 2. d4 d5 3. exd5 exd5 4. Nf3 Bd6 5. Be3 Ne7 6. Nbd2
Bg4 7. Bd3 Nbc6 8. c3 Nf5 9. Qb3 Nxe3 10. fxe3 Rb8 11. O-O O-O 12. e4 dxe4 13.
Nxe4 {(=)} Be7 14. Rae1 g6 15. h3 Be6 16. Qc2 Kg7 17. Ned2 b5 18. Ne5 Nxe5 19.
Rxe5 Bd6 20. Re3 Bd5 21. Rfe1 {(=)} f5 22. Nf3 Bxf3 23. Rxf3 f4 24. Rf2 Qg5 25.
Re6 f3 26. Be4 Qg3 27. Bxf3 Qh2+ 28. Kf1 Bg3 29. Re7+ Kh8 30. Qe4 Bxf2 31. Kxf2
Qd6 32. Qh4 h5 33. Qg5 Qf4 34. Qxf4 Rxf4 35. Rxc7 a5 36. Ra7 a4 37. Re7 Kg8 38.
Ke3 Rf6 39. Ke4 Kf8 40. Re5 Re8 41. Rxe8+ Kxe8 42. Ke5 Rb6 43. a3 Ke7 44. d5
Rf6 1/2-1/2

[Event "Vellmar Int 4th op  A"]
[Site "Vellmar"]
[Date "2012.07.26"]
[Round "1.29"]
[White "Schnegelsberg, Karl Heinz"]
[Black "Sieber, Fiona"]
[Result "1-0"]
[WhiteElo "2042"]
[BlackElo "1781"]
[PlyCount "89"]
[EventDate "2012.07.26"]
[EventType "swiss"]
[EventRounds "7"]
[EventCountry "GER"]

{DWZ: 1941- 1816(geb.2000)} 1. Nf3 Nf6 2. g3 c5 3. Bg2 Nc6 4. O-O e6 5. d3 Be7
6. e4 O-O 7. Nbd2 Qc7 8. Nc4 d5 9. Bf4 Qd8 10. Nce5 Qb6 11. Nxc6 bxc6 12. e5
Nd7 13. b3 Ba6 14. a4 Rfd8 15. Qe2 Rab8 16. Nd2 Nf8 17. Qh5 h6 18. Bh3 Rd7 19.
g4 Ng6 20. Be3 d4 21. Bxh6 gxh6 22. Qxh6 Qd8 23. f4 Nxf4 24. Ne4 Nxh3+ 25. Qxh3
Rd5 26. Qh5 Qf8 27. Nf6+ Bxf6 28. Rxf6 Qg7 29. Raf1 Rf8 30. R1f3 Qh8 31. Rxf7
Qxh5 32. Rxf8+ Kg7 33. gxh5 Rd7 34. R3f6 Re7 35. h6+ Kh7 36. Kf2 Rd7 37. Kf3 c4
38. bxc4 c5 39. Kf4 Re7 40. Kg5 Rd7 41. R6f7+ Rxf7 42. Rxf7+ Kg8 43. Kg6 Bxc4
44. h7+ Kh8 45. Rf8# 1-0

[Event "Vellmar Int 4th op  A"]
[Site "Vellmar"]
[Date "2012.07.26"]
[Round "1.30"]
[White "Diener, Carolin"]
[Black "Kobs, Stephan"]
[Result "0-1"]
[WhiteElo "1739"]
[BlackElo "2035"]
[PlyCount "82"]
[EventDate "2012.07.26"]
[EventType "swiss"]
[EventRounds "7"]
[EventCountry "GER"]

{DWZ: 1659(geb.2000) - 1898} 1. e4 c5 2. Nf3 d6 3. d4 cxd4 4. Nxd4 Nf6 5. Nc3
a6 6. Be2 e5 7. Nf3 h6 8. h3 Be6 9. Be3 Be7 10. Qd2 Nbd7 11. a3 Rc8 12. Nh2 Nb6
13. Nf3 Nc4 14. Bxc4 Bxc4 15. Rd1 Qc7 16. Ng1 O-O 17. Nge2 Rfd8 18. O-O d5 19.
exd5 Nxd5 20. Rfe1 Nxc3 21. Qxc3 Rxd1 22. Rxd1 Bxe2 23. Qxc7 Rxc7 24. Rd2 Bb5
25. c3 Rd7 26. Rxd7 Bxd7 27. Kf1 Bb5+ 28. Ke1 Kf8 29. Kd2 Bg5 30. Bxg5 hxg5 31.
Ke3 Ke7 32. Ke4 Ke6 33. g3 Bf1 34. h4 gxh4 35. gxh4 Bg2+ 36. Kd3 Kf5 37. Kc4
Kg4 38. Kc5 Kxh4 39. b4 Kg4 40. b5 axb5 41. Kxb5 Kf3 0-1

[Event "Vellmar Int 4th op  A"]
[Site "Vellmar"]
[Date "2012.07.26"]
[Round "1.31"]
[White "Calci, Fiorino"]
[Black "Reimers, Juri"]
[Result "0-1"]
[WhiteElo "2033"]
[BlackElo "1720"]
[PlyCount "88"]
[EventDate "2012.07.26"]
[EventType "swiss"]
[EventRounds "7"]
[EventCountry "GER"]

{DWZ: 1811 - 1753(geb.1999)} 1. d4 g6 2. e4 Bg7 3. Nf3 c5 4. d5 d6 5. c4 e5 6.
dxe6 fxe6 7. Be2 Nc6 8. O-O Nge7 9. Nc3 Nd4 10. Be3 Nec6 11. Nd2 O-O 12. f4 b6
13. Nf3 Bb7 14. Qd2 Qd7 15. Rad1 Rad8 16. Bd3 Nxf3+ 17. Rxf3 Nd4 18. Rff1 d5
19. f5 dxe4 20. fxg6 exd3 21. gxh7+ Kh8 22. Bh6 Rf5 23. Rxf5 exf5 24. Qg5 Bxh6
25. Qxh6 Qg7 26. Qxg7+ Kxg7 27. Kf2 Nc2 28. Nb5 a6 29. Nc7 Kxh7 30. Ne6 Rd6 31.
Ng5+ Kg6 32. h4 Bxg2 33. Rg1 d2 34. Ke2 d1=Q+ 35. Rxd1 Rxd1 36. Kxd1 Nd4 37. a3
Kh5 38. b4 Kxh4 39. Nf7 f4 40. Ke1 Kg3 41. Ne5 Be4 42. Kf1 f3 43. bxc5 f2 44.
cxb6 Bg2# 0-1

[Event "Vellmar Int 4th op  A"]
[Site "Vellmar"]
[Date "2012.07.26"]
[Round "1.33"]
[White "Hagenlueke, Thomas"]
[Black "Schirra, Maurice"]
[Result "1-0"]
[WhiteElo "2023"]
[BlackElo "1617"]
[PlyCount "53"]
[EventDate "2012.07.26"]
[EventType "swiss"]
[EventRounds "7"]
[EventCountry "GER"]

{DWZ: 1858 - 1603(geb.2001)} 1. d4 Nf6 2. c4 g6 3. Nc3 Bg7 4. e4 d6 5. Be2 O-O
6. Bg5 Nbd7 7. Qd2 c5 8. d5 Rb8 9. Nf3 a6 10. a4 Nb6 11. a5 Na8 12. h3 Qc7 13.
Bf4 Qd7 14. e5 Ne8 15. O-O Qd8 16. Bd3 Bh8 17. Rfe1 Ng7 18. Ne4 Bf5 19. exd6
exd6 20. Nxd6 Bxd3 21. Qxd3 Nc7 22. Ne4 Nh5 23. Bg5 f6 24. Be3 f5 25. Nxc5 Re8
26. d6 Na8 27. Qd5+ 1-0

[Event "Vellmar Int 4th op  A"]
[Site "Vellmar"]
[Date "2012.07.26"]
[Round "1.34"]
[White "Businger, Paul"]
[Black "Klueting, Reiner"]
[Result "1/2-1/2"]
[WhiteElo "2074"]
[BlackElo "2005"]
[PlyCount "37"]
[EventDate "2012.07.26"]
[EventType "swiss"]
[EventRounds "7"]
[EventCountry "GER"]

{DWZ: -(SUI) - 1906} 1. e4 d5 2. exd5 Nf6 3. d4 Nxd5 4. c4 Nb6 5. Nf3 Bg4 6.
Be2 e6 7. Nc3 Be7 8. O-O O-O 9. Be3 Nc6 10. b3 Bb4 11. Qd2 Qe7 12. a3 Bxc3 13.
Qxc3 Rad8 14. Rfd1 e5 15. dxe5 Nxe5 16. Nxe5 Bxe2 17. Re1 f6 18. Rxe2 Qxe5 19.
Qxe5 1/2-1/2

[Event "Vellmar Int 4th op  A"]
[Site "Vellmar"]
[Date "2012.07.27"]
[Round "2.1"]
[White "Khudovekov, Stanislav"]
[Black "Schneider, Ilja"]
[Result "0-1"]
[WhiteElo "2107"]
[BlackElo "2490"]
[PlyCount "34"]
[EventDate "2012.07.26"]
[EventType "swiss"]
[EventRounds "7"]
[EventCountry "GER"]

{DWZ: -(RUS) - 2469(IM)} 1. d4 Nf6 2. Nc3 d6 3. Nf3 Nbd7 4. e4 e5 5. Bc4 Be7 6.
O-O O-O 7. a4 c6 8. a5 Qc7 9. Re1 exd4 10. Nxd4 Re8 11. h3 Bf8 12. f4 Nc5 13.
Qf3 d5 14. Bd3 dxe4 15. Nxe4 Ncxe4 16. Bxe4 Bc5 17. c3 Bf5 0-1

[Event "Vellmar Int 4th op  A"]
[Site "Vellmar"]
[Date "2012.07.27"]
[Round "2.2"]
[White "Markgraf, Alexander"]
[Black "Von Kiedrowski, Klemens"]
[Result "1-0"]
[WhiteElo "2489"]
[BlackElo "2076"]
[PlyCount "71"]
[EventDate "2012.07.26"]
[EventType "swiss"]
[EventRounds "7"]
[EventCountry "GER"]

{DWZ: 2470(IM) - 1935} 1. d4 d6 2. e4 Nf6 3. Nc3 g6 4. f4 Bg7 5. Nf3 c6 6. Bd3
O-O 7. O-O Qb6 8. Kh1 Bg4 9. e5 Nfd7 10. a3 d5 11. h3 Bxf3 12. Qxf3 e6 13. Be3
Qd8 14. Ne2 b6 15. c4 a6 16. Rac1 Ra7 17. Bd2 a5 18. cxd5 cxd5 19. Nc3 Na6 20.
Nb5 Ra8 21. Qg3 Kh8 22. h4 f5 23. Rc6 Qe7 24. Rfc1 Rfb8 25. Nd6 Bf8 26. Kg1 Qg7
27. Nb5 Qf7 28. h5 gxh5 29. Be2 Be7 30. Qh3 h4 31. Be1 Rg8 32. Bxh4 Bf8 33. Kf2
Qg6 34. Bg5 h6 35. Bh5 Qh7 36. Bh4 1-0

[Event "Vellmar Int 4th op  A"]
[Site "Vellmar"]
[Date "2012.07.27"]
[Round "2.3"]
[White "Haselhorst, Helmut"]
[Black "Gutman, Lev"]
[Result "0-1"]
[WhiteElo "2089"]
[BlackElo "2450"]
[PlyCount "86"]
[EventDate "2012.07.26"]
[EventType "swiss"]
[EventRounds "7"]
[EventCountry "GER"]

{DWZ: 1945(geb.1948) - 2435(GM,geb.1945)} 1. d4 Nf6 2. c4 g6 3. Nc3 d5 4. Nf3
Bg7 5. Bg5 dxc4 6. Qa4+ Bd7 7. Qxc4 O-O 8. e3 Na6 9. Be2 c5 10. O-O cxd4 11.
Qxd4 Nc7 12. Qh4 Ne6 13. Bh6 Qb6 14. Bxg7 Nxg7 15. b3 Rac8 16. Ne4 Nf5 17.
Nxf6+ exf6 18. Qe4 Rfe8 19. Qd3 Bc6 20. Kh1 a6 21. Qd2 g5 22. Rfd1 Be4 23. Rac1
g4 24. Ne1 h5 25. Bd3 Rxc1 26. Qxc1 Nd6 27. Bxe4 Nxe4 28. Kg1 h4 29. Nd3 g3 30.
hxg3 hxg3 31. fxg3 Nxg3 32. Re1 f5 33. Nf4 Qa5 34. a3 Qb6 35. b4 Qd6 36. Kh2
Ne4 37. Rf1 Nf6 38. Rf3 Ng4+ 39. Kg1 Rd8 40. Qc3 b5 41. Rf1 Qd2 42. Qc6 Qxe3+
43. Kh1 Qxf4 0-1

[Event "Vellmar Int 4th op  A"]
[Site "Vellmar"]
[Date "2012.07.27"]
[Round "2.4"]
[White "Orwatsch, Gerhard"]
[Black "Plueg, Andreas"]
[Result "1/2-1/2"]
[WhiteElo "2072"]
[BlackElo "2303"]
[PlyCount "83"]
[EventDate "2012.07.26"]
[EventType "swiss"]
[EventRounds "7"]
[EventCountry "GER"]

{DWZ: 1977(geb.1946) - 2257(FM)} 1. d4 b6 2. Bf4 Bb7 3. Nf3 e6 4. e3 f5 5. Nbd2
Nf6 6. h3 Be7 7. Be2 O-O 8. O-O h6 9. Ne5 Qe8 10. Bf3 c6 11. Nec4 d5 12. Nd6
Qd7 13. Nxb7 Qxb7 14. c4 Nbd7 15. Rc1 Rfc8 16. g4 Ne4 17. Nxe4 fxe4 18. Bg2 b5
19. cxd5 cxd5 20. Qe2 a6 21. f3 exf3 22. Bxf3 Nf6 23. Qg2 Rxc1 24. Rxc1 Rc8 25.
Rc2 Rxc2 26. Qxc2 Ne4 27. Kg2 Kf7 28. Bxe4 dxe4 29. Qc7 Qd5 30. b3 h5 31. Be5
g6 32. gxh5 gxh5 33. Kg3 b4 34. Kf4 Qb5 35. Kxe4 Qf1 36. Bf4 Qh1+ 37. Kd3 Qd1+
38. Ke4 Qb1+ 39. Kf3 Qf1+ 40. Kg3 h4+ 41. Kh2 Qf2+ 42. Kh1 1/2-1/2

[Event "Vellmar Int 4th op  A"]
[Site "Vellmar"]
[Date "2012.07.27"]
[Round "2.5"]
[White "Laubsch, Bernd"]
[Black "Hecht, Carsten"]
[Result "0-1"]
[WhiteElo "2302"]
[BlackElo "2050"]
[PlyCount "62"]
[EventDate "2012.07.26"]
[EventType "swiss"]
[EventRounds "7"]
[EventCountry "GER"]

{DWZ:  2261(FM) - 2048(geb.1997)} 1. e4 c5 2. Nf3 e6 3. d4 cxd4 4. Nxd4 Nc6 5.
Nc3 Qc7 6. g3 a6 7. Bg2 Nf6 8. O-O Be7 9. Re1 d6 10. Nxc6 bxc6 11. e5 dxe5 12.
Rxe5 O-O 13. Qe1 Bb7 14. Na4 Bd6 15. Re2 c5 16. Bxb7 Qxb7 17. c4 Qc6 18. b3
Rfd8 19. Bb2 Be7 20. Qa5 Rac8 21. Rae1 Rd3 22. Nc3 Rcd8 23. Qa4 Qf3 24. Qa5 h5
25. Re3 Rxe3 26. Rxe3 Qf5 27. Qc7 Rd2 28. Re2 Rxe2 29. Nxe2 Ng4 30. f4 Qd3 31.
h3 Qd1+ 0-1

[Event "Vellmar Int 4th op  A"]
[Site "Vellmar"]
[Date "2012.07.27"]
[Round "2.6"]
[White "Meyner, Hannes"]
[Black "Schnegelsberg, Karl Heinz"]
[Result "1-0"]
[WhiteElo "2217"]
[BlackElo "2042"]
[PlyCount "77"]
[EventDate "2012.07.26"]
[EventType "swiss"]
[EventRounds "7"]
[EventCountry "GER"]

{DWZ: 2098 - 1941} 1. d4 Nf6 2. c4 g6 3. Nc3 d5 4. cxd5 Nxd5 5. e4 Nxc3 6. bxc3
Bg7 7. Be3 c5 8. Qd2 O-O 9. Rc1 Nc6 10. d5 Ne5 11. Bxc5 f5 12. Nf3 fxe4 $6 13.
Nxe5 Bxe5 14. Bc4 Bf5 15. Bxe7 Qb6 16. d6+ Kh8 17. O-O Rad8 18. Rb1 Qc6 19. Bb5
Qc5 20. Qg5 Bd7 21. Bxd7 Rxd7 22. Qg4 Rf5 23. Qxe4 Rf4 24. Qe2 Rc4 25. Bf6+
Bxf6 26. Qe8+ Kg7 27. Qxd7+ Kh6 28. Rxb7 Rh4 29. g3 Rh5 30. Qxh7+ Kg5 31. h4+
Kg4 32. Qxg6+ Kh3 {#} 33. Qe4 Qd5 34. Qxd5 Rxd5 35. d7 a5 36. c4 Rd2 37. c5 Rc2
38. Rb8 Rd2 39. c6 1-0

[Event "Vellmar Int 4th op  A"]
[Site "Vellmar"]
[Date "2012.07.27"]
[Round "2.7"]
[White "Kobs, Stephan"]
[Black "Baciu, Diana"]
[Result "0-1"]
[WhiteElo "2035"]
[BlackElo "2211"]
[PlyCount "90"]
[EventDate "2012.07.26"]
[EventType "swiss"]
[EventRounds "7"]
[EventCountry "GER"]

{DWZ: 1898 - - (WFM;MDA;geb.1994)} 1. e4 e6 2. d4 d5 3. Nc3 Bb4 4. a3 Bxc3+ 5.
bxc3 Ne7 6. e5 c5 7. Bd3 Qc7 8. Nf3 Nbc6 9. O-O Bd7 10. a4 cxd4 11. cxd4 Nb4
12. Ba3 a5 13. Qd2 Nxd3 14. Qxd3 Bc6 15. Ne1 O-O 16. f4 f5 17. exf6 Rxf6 18. g3
Nf5 19. Bb2 Qd7 20. Qa3 Nd6 21. Nf3 Nc4 22. Ne5 Nxe5 23. dxe5 Rf7 24. Bd4 g6
25. Rfb1 Rf5 26. Rf1 Raf8 27. Qd6 Qe8 28. Qa3 g5 29. fxg5 Rxf1+ 30. Rxf1 Rxf1+
31. Kxf1 Bxa4 32. c3 Bb5+ 33. Kg1 Qf7 34. Qc1 a4 35. Qf4 a3 36. Qxf7+ Kxf7 37.
c4 dxc4 38. Kf2 Ba4 39. Ke3 b5 40. Bc5 a2 41. Bd4 b4 42. Ba1 c3 43. Kd3 Kg6 44.
h4 Kf5 45. g4+ Kxg4 0-1

[Event "Vellmar Int 4th op  A"]
[Site "Vellmar"]
[Date "2012.07.27"]
[Round "2.8"]
[White "Hoffmann, Lukas"]
[Black "Hagenlueke, Thomas"]
[Result "1-0"]
[WhiteElo "2173"]
[BlackElo "2023"]
[PlyCount "79"]
[EventDate "2012.07.26"]
[EventType "swiss"]
[EventRounds "7"]
[EventCountry "GER"]

{DWZ: 2181 - 1858} 1. Nf3 d5 2. d4 Nf6 3. g3 c6 4. Bg2 Bg4 5. O-O Nbd7 6. c4 e6
7. b3 Be7 8. Bb2 O-O 9. Nc3 Qb6 10. Nd2 Rfd8 11. Qc2 Rac8 12. e4 dxe4 13. Ndxe4
Nxe4 14. Qxe4 Nf6 15. Qe3 Rd7 16. Na4 Qd8 17. Nc5 Bxc5 18. dxc5 Rd3 19. Qe5 Bf5
20. b4 Qc7 21. Rfd1 Qxe5 22. Bxe5 Rcd8 23. Bd6 Ne8 24. Bf1 Rxd1 25. Rxd1 Nxd6
26. cxd6 e5 27. c5 Be6 28. Bg2 a6 29. a4 Bb3 30. Ra1 Bc4 31. b5 axb5 32. axb5
Bxb5 33. Ra7 Rb8 34. d7 g6 35. Rxb7 Rd8 36. Rxb5 Rxd7 37. Bxc6 Rc7 38. Bd5 Kg7
39. c6 Kf6 40. Rb7 1-0

[Event "Vellmar Int 4th op  A"]
[Site "Vellmar"]
[Date "2012.07.27"]
[Round "2.10"]
[White "Kanter, Leonid"]
[Black "Halt, David"]
[Result "0-1"]
[WhiteElo "1949"]
[BlackElo "2109"]
[PlyCount "126"]
[EventDate "2012.07.26"]
[EventType "swiss"]
[EventRounds "7"]
[EventCountry "GER"]

{DWZ: 1857 - 2086} 1. d4 f5 2. g3 Nf6 3. c4 d6 4. Bg2 g6 5. Nf3 Bg7 6. Nc3 O-O
7. O-O c6 8. Re1 Na6 9. Bf4 Nh5 10. Bc1 e5 11. dxe5 dxe5 12. Qxd8 Rxd8 13. Bg5
Re8 14. Be3 f4 15. gxf4 Nxf4 16. Ne4 Nb4 17. Nd6 Rd8 18. Nxc8 Raxc8 19. Bxf4
exf4 20. Bh3 Rb8 21. Red1 Rxd1+ 22. Rxd1 Nxa2 23. Be6+ Kh8 24. Ng5 h6 25. Nf7+
Kh7 26. Rd7 Nc1 27. Bg4 Nb3 28. Nd6 Nc5 29. Re7 a5 30. Ne8 Rxe8 31. Rxe8 Bxb2
32. Re7+ Bg7 33. e3 f3 34. Re8 a4 35. Ra8 Bb2 36. Ra5 Bc3 37. Ra7 Kg7 38. Bc8
Kf6 39. Bxb7 Nxb7 40. Rxb7 a3 41. Ra7 Bb2 42. Kf1 Kf5 43. Ke1 Kg4 44. Kf1 h5
45. Ra5 c5 46. Ra6 g5 47. Ra8 h4 48. Ra6 Kh3 49. Kg1 g4 50. e4 Be5 51. Rxa3
Bxh2+ 52. Kf1 Be5 53. Kg1 Bd4 54. Rb3 g3 55. Rxf3 Bxf2+ 56. Kh1 Bd4 57. Ra3 Kg4
58. Ra8 h3 59. Rg8+ Kf3 60. Rf8+ Ke3 61. e5 Bxe5 62. Rg8 Kf3 63. Rf8+ Bf4 0-1

[Event "Vellmar Int 4th op  A"]
[Site "Vellmar"]
[Date "2012.07.27"]
[Round "2.11"]
[White "Lenz, Jonas"]
[Black "Roehl, Rainer"]
[Result "0-1"]
[WhiteElo "1952"]
[BlackElo "2148"]
[PlyCount "38"]
[EventDate "2012.07.26"]
[EventType "swiss"]
[EventRounds "7"]
[EventCountry "GER"]

{DWZ: 1825(geb.1995) - 2090} 1. e4 c5 2. Nf3 g6 3. d4 cxd4 4. Nxd4 Nc6 5. c4
Nf6 6. Nc3 Nxd4 7. Qxd4 d6 8. Nd5 Bg7 9. Bg5 O-O 10. Nxf6+ exf6 11. Bf4 f5 12.
Qd2 fxe4 13. Bxd6 Re8 14. Rd1 Qb6 15. Rb1 Bd4 16. Bc7 Bxf2+ 17. Qxf2 Qxc7 18.
Be2 e3 19. Qf3 Bf5 0-1

[Event "Vellmar Int 4th op  A"]
[Site "Vellmar"]
[Date "2012.07.27"]
[Round "2.12"]
[White "Blank, Stefan"]
[Black "Rieke, Theo"]
[Result "1/2-1/2"]
[WhiteElo "1903"]
[BlackElo "2140"]
[PlyCount "110"]
[EventDate "2012.07.26"]
[EventType "swiss"]
[EventRounds "7"]
[EventCountry "GER"]

{DWZ: 1762 - 2042} 1. e4 g6 2. d4 Bg7 3. c4 d6 4. Nc3 Nf6 5. f3 O-O 6. Be3 Nc6
7. Qd2 a6 8. Nge2 Rb8 9. Nf4 e5 10. dxe5 dxe5 11. Qxd8 Rxd8 12. Nfd5 Ne8 13. a3
Nd4 14. O-O-O c6 15. Ne7+ Kf8 16. Nxc8 Rbxc8 17. Bxd4 Rxd4 18. Rxd4 exd4 19.
Na4 b5 20. Nc5 Nc7 21. b4 Ke8 22. g3 Bf8 23. Nb3 Ne6 24. c5 Rd8 {(=)} 25. Bg2
g5 26. h4 h6 27. hxg5 hxg5 28. Na5 Kd7 29. Rh7 Bg7 30. f4 Rh8 31. Rxh8 Bxh8 32.
Bh3 gxf4 33. gxf4 Bg7 34. f5 Bh6+ 35. Kd1 Nf4 36. Bf1 Bg7 37. Kc2 Be5 38. Nb3
Ke7 39. Nd2 f6 40. Nf3 Kf7 41. a4 Ke7 42. axb5 axb5 43. Kd2 Kd7 44. Bd3 Ke7 45.
Bc2 Kd7 46. Bb1 Ke7 47. Ba2 Kd7 48. Nh4 Ke7 49. Ng6+ Kd7 50. Bf7 Nh3 51. Be6+
Kd8 52. Ba2 Ke8 53. Bb3 Nf4 54. Nxf4 Bxf4+ 55. Kd3 Be5 1/2-1/2

[Event "Vellmar Int 4th op  A"]
[Site "Vellmar"]
[Date "2012.07.27"]
[Round "2.13"]
[White "Richter, Gerald"]
[Black "Stabernack, Joschi"]
[Result "0-1"]
[WhiteElo "2137"]
[BlackElo "1928"]
[PlyCount "76"]
[EventDate "2012.07.26"]
[EventType "swiss"]
[EventRounds "7"]
[EventCountry "GER"]

{DWZ: 2130(BEL;geb.1952) - 1859(geb.1995)} 1. d4 Nf6 2. c4 g6 3. Nc3 Bg7 4. e4
d6 5. Nf3 O-O 6. Be2 e5 7. O-O Nc6 8. d5 Ne7 9. b4 Nh5 10. c5 Nf4 11. cxd6 cxd6
12. Bxf4 exf4 13. Rc1 f5 14. Ng5 h6 15. Ne6 Bxe6 16. dxe6 Bxc3 17. Rxc3 fxe4
18. Qd4 d5 19. Rd1 Rc8 20. Rh3 Kh7 21. Qxa7 Rc2 22. Bb5 Qa8 23. Ra3 Qxa7 24.
Rxa7 Rb8 25. f3 e3 26. g3 Rf2 27. gxf4 Rxf3 28. Rf1 Rxf1+ 29. Kxf1 Kg7 30. Ke2
d4 31. Kd3 Kf6 32. Ra3 Kxe6 33. Kxd4 Nf5+ 34. Kc5 b6+ 35. Kc4 Nd6+ 36. Kd3 Nxb5
37. Rb3 e2 38. Rb1 Rd8+ 0-1

[Event "Vellmar Int 4th op  A"]
[Site "Vellmar"]
[Date "2012.07.27"]
[Round "2.14"]
[White "Reimers, Juri"]
[Black "Rother, Moritz"]
[Result "1/2-1/2"]
[WhiteElo "1720"]
[BlackElo "2126"]
[PlyCount "92"]
[EventDate "2012.07.26"]
[EventType "swiss"]
[EventRounds "7"]
[EventCountry "GER"]

{DWZ: 1753(geb.1999) - 2015} 1. g3 d5 2. Bg2 Nf6 3. c4 c6 4. b3 g6 5. Bb2 Bg7
6. d3 O-O 7. Qc2 Re8 8. e4 dxe4 9. dxe4 e5 10. Ne2 a5 11. O-O Qc7 12. Nd2 Nbd7
13. a3 Bf8 14. h3 Nh5 15. Bc3 Bh6 16. Nf3 b6 17. b4 Ng7 18. Nh2 Ne6 19. Ng4 Bg7
20. Rfd1 h5 21. Ne3 Bh6 22. Rd3 axb4 23. axb4 Rxa1+ 24. Bxa1 Bxe3 25. Rxe3 c5
26. bxc5 bxc5 27. Nc3 Qa5 28. Qd1 Nd4 29. Nd5 Ba6 30. Bf1 Ra8 31. Bb2 Qa2 32.
Qc1 Bb7 33. Ra3 Rxa3 34. Bxa3 Kg7 35. h4 Ne2+ 36. Bxe2 Qxe2 37. Qb1 Bxd5 38.
cxd5 c4 39. Bb2 Qd2 40. Qa1 f6 41. Bc3 Qd3 42. Qa3 Kg8 43. Qe7 {(=)} Qxc3 44.
Qxd7 Qe1+ 45. Kg2 Qxe4+ 46. Kh2 Qf5 1/2-1/2

[Event "Vellmar Int 4th op  A"]
[Site "Vellmar"]
[Date "2012.07.27"]
[Round "2.15"]
[White "Schulz, Karsten"]
[Black "Humburg, Philipp"]
[Result "1-0"]
[WhiteElo "2342"]
[BlackElo "1839"]
[PlyCount "47"]
[EventDate "2012.07.26"]
[EventType "swiss"]
[EventRounds "7"]
[EventCountry "GER"]

{DWZ: 2292(FM) - 1841(geb.1996)} 1. c4 Nf6 2. g3 c5 3. Bg2 Nc6 4. Nc3 e6 5. Nf3
Be7 6. O-O O-O 7. d4 d5 8. dxc5 dxc4 9. Qa4 Bxc5 10. Qxc4 Qe7 11. Bg5 Na5 12.
Qh4 h6 13. Bxf6 Qxf6 14. Qxf6 gxf6 15. Rfd1 Rb8 16. Rac1 b6 17. Ne4 Ba6 18.
Nxf6+ Kg7 19. Nd7 Bxe2 20. Re1 Bb5 21. Nxb8 Rxb8 22. a3 Nc4 23. Bf1 Bc6 24. Nd4
1-0

[Event "Vellmar Int 4th op  A"]
[Site "Vellmar"]
[Date "2012.07.27"]
[Round "2.16"]
[White "Hahn, Markus"]
[Black "Krausse, Eckhard"]
[Result "1-0"]
[WhiteElo "2146"]
[BlackElo "2008"]
[PlyCount "47"]
[EventDate "2012.07.26"]
[EventType "swiss"]
[EventRounds "7"]
[EventCountry "GER"]

{DWZ: 2109(geb.1994) - 1961} 1. d4 Nf6 2. c4 c5 3. d5 b5 4. Nf3 g6 5. Nfd2 b4
6. e4 d6 7. a3 Na6 8. axb4 cxb4 9. Rxa6 Bxa6 10. Qa4+ Qd7 11. Qxa6 Bg7 12. Bd3
O-O 13. O-O Ng4 14. Nf3 f5 {(=)} 15. exf5 gxf5 16. Nbd2 Rf6 17. Ng5 Ne5 18. Be2
f4 19. Ndf3 Qf5 20. Ne6 Qe4 21. Qb7 Qxe2 22. Qxa8+ Kf7 23. Nfg5+ Kg6 24. Qg8
1-0

[Event "Vellmar Int 4th op  A"]
[Site "Vellmar"]
[Date "2012.07.27"]
[Round "2.17"]
[White "Klueting, Reiner"]
[Black "Galkin, Wladislaw"]
[Result "0-1"]
[WhiteElo "2005"]
[BlackElo "2101"]
[PlyCount "80"]
[EventDate "2012.07.26"]
[EventType "swiss"]
[EventRounds "7"]
[EventCountry "GER"]

{DWZ: 1906 - 2090(geb.1996)} 1. e4 e5 2. Nc3 Nf6 3. Bc4 Nxe4 4. Qh5 Nd6 5.
Qxe5+ Qe7 6. Qxe7+ Bxe7 7. Bb3 O-O 8. Nf3 Nc6 9. O-O Nf5 10. Nd5 Bd8 11. c3
Nce7 12. Nxe7+ Bxe7 13. Re1 Bf6 14. d4 d6 15. Ng5 Bd7 16. Ne4 {(=)} Be7 17. Bf4
a5 18. Rad1 Nh4 19. Nc5 Bg4 20. f3 Bxf3 21. Rd3 Rfe8 22. gxf3 dxc5 23. Rxe7
Rxe7 24. Bg5 Re1+ 25. Kf2 Rb1 26. Bxh4 Rxb2+ 27. Kg3 h6 28. Kh3 a4 29. Bc4 b5
30. Bd5 Rc8 31. a3 c6 32. Be4 Rb3 33. Be7 Rxa3 34. Bxc5 Rb3 35. Bb4 g6 36. Rd1
f5 37. Bc2 Rb2 38. Rd2 Re8 39. Ba3 Ra2 40. Bc1 Re1 0-1

[Event "Vellmar Int 4th op  A"]
[Site "Vellmar"]
[Date "2012.07.27"]
[Round "2.18"]
[White "Weber, Andreas"]
[Black "Businger, Paul"]
[Result "1/2-1/2"]
[WhiteElo "1881"]
[BlackElo "2074"]
[PlyCount "41"]
[EventDate "2012.07.26"]
[EventType "swiss"]
[EventRounds "7"]
[EventCountry "GER"]

{DWZ: 1714 - -(SUI)} 1. e4 e5 2. d4 exd4 3. Qxd4 Nc6 4. Qe3 Bb4+ 5. Nc3 d6 6.
Bd2 Nf6 7. O-O-O Qe7 8. f3 h6 9. Na4 Bxd2+ 10. Rxd2 Bd7 11. Nc3 a6 12. Nge2
O-O-O 13. Nd4 Kb8 14. Be2 Rhe8 15. Rhd1 Qe5 16. Bc4 Nxd4 17. Qxd4 Qxh2 18. Bxf7
Re7 19. Bc4 Bc6 20. Re2 Rde8 21. Nd5 1/2-1/2

[Event "Vellmar Int 4th op  A"]
[Site "Vellmar"]
[Date "2012.07.27"]
[Round "2.20"]
[White "Brueckmann, Gerd"]
[Black "Scholz, Robert"]
[Result "1-0"]
[WhiteElo "2048"]
[BlackElo "1856"]
[PlyCount "72"]
[EventDate "2012.07.26"]
[EventType "swiss"]
[EventRounds "7"]
[EventCountry "GER"]

{DWZ: 1858 - 1819(geb.1999)} 1. d4 Nf6 2. Nf3 e6 3. g3 c5 4. Bg2 Nc6 5. O-O d5
6. c4 Be7 7. cxd5 exd5 8. Nc3 Be6 9. dxc5 Bxc5 10. Na4 Be7 11. Nd4 O-O 12. b3
Rc8 13. Bb2 Qd7 14. Nxe6 fxe6 15. Bh3 b5 16. Nc3 a6 17. e3 Bb4 18. Ne2 Qf7 19.
Nf4 Rfe8 20. Rc1 Bd6 21. Nd3 Nb4 22. Nxb4 Bxb4 23. a3 Bd6 24. Qd4 Qe7 25. Qb6
Rxc1 26. Rxc1 Ra8 27. Rc6 Ne8 28. f4 h6 29. b4 Kf7 30. Be5 Rd8 31. Qxa6 Kg8 32.
Qxb5 Kh7 33. Qd3+ Kg8 34. Qa6 Kh7 35. b5 Bxe5 36. fxe5 Qg5 1-0